Bizarrap's Music Sessions - Statistics

General Stats
  • This quiz has been taken 52 times
    13 since last reset
  • The average score is 42 of 62
Answer Stats
Music Session Artist % Correct
Vol. 46 Anuel AA
100%
Vol. 54 Arcángel
100%
Vol. 40 Eladio Carrión
100%
Vol. 13 Nicki Nicole
100%
Vol. 52 Quevedo
100%
Vol. 0 Daddy Yankee
91%
Vol. 50 Duki
91%
Vol. 57 Milo J
91%
Vol. 55 Peso Pluma
91%
Vol. 56 Rauw Alejandro
91%
Vol. 49 Residente
91%
Vol. 53 Shakira
91%
Vol. 48 Tiago PZK
91%
Vol. 51 Villano Antillano
91%
Vol. 62 J Balvin
82%
Vol. 23 Paulo Londra
82%
Vol. 45 Ptazeta
82%
Vol. 39 Snow Tha Product
82%
Vol. 16 Trueno
82%
Vol. 58 Young Miko
82%
Vol. 1 Bhavi
73%
Vol. 34 Khea
73%
Vol. 44 MHD
73%
Vol. 47 Morad
73%
Vol. 59 Natanael Cano
73%
Vol. 41 Nicky Jam
73%
Vol. 15 Aleman
64%
Vol. 14 Ca7riel
64%
Vol. 32 Cazzu
64%
Vol. 29 C.R.O
64%
Vol. 7 Drefquila
64%
Vol. 10 Frijo
64%
Vol. 30 Homer el Mero Mero
64%
Vol. 22 Lalo Ebratt
64%
Vol. 60 Lismar
64%
Vol. 20 Louta
64%
Vol. 61 Luck Ra
64%
Vol. 36 Nathy Peluso
64%
Vol. 3 Paco Amoroso
64%
Vol. 24 Dani Ribba
55%
Vol. 25 Don Patricio
55%
Vol. 11 Kiddo Toto
55%
Vol. 38 L-Gante
55%
Vol. 19 Polimá Westcoast
55%
Vol. 33 Seven Kayne
55%
Vol. 37 Ysy-A
55%
Vol. 31 Zaramay
55%
Vol. 35 Asan
45%
Vol. 27 Bejo
45%
Vol. 28 Big Soto
45%
Vol. 43 Chucky73
45%
Vol. 9 Dillom
45%
Vol. 2 Ecko
45%
Vol. 18 John C
45%
Vol. 17 Kinder Malo
45%
Vol. 6 Kodigo
45%
Vol. 12 Mesita
45%
Vol. 8 Zanto
45%
Vol. 4 Blunted Vato
36%
Vol. 26 Lucho SSJ
36%
Vol. 21 Neutro Shorty
36%
Vol. 5 Pekeño 77
36%
No matching quizzes found
Score Distribution
Percent of People with Each Score
Percentile by Number Answered
Your Score History
You have not taken this quiz since the last reset